| 000 | 00456nam a2200205Ia 4500 | ||
|---|---|---|---|
| 001 | 12034 | ||
| 003 | GE_BSU | ||
| 008 | 181216s||||||||xx |||||||||||||| ||und|| | ||
| 020 | _a9780316733168 | ||
| 040 | _cGE_BSU | ||
| 080 | _a821.111-312.4 | ||
| 100 | _aCornwell,Patricia | ||
| 245 | 4 | _aThe scarpetta factor | |
| 260 | _aLondon | ||
| 260 | _bLiitle Brown | ||
| 260 | _c2009. | ||
| 300 | _a494p;24cm. | ||
| 653 | _aThe scarpetta factor | ||
| 942 | _cBK | ||
| 999 |
_c45211 _d45211 |
||